000 00390nam a2200109Ia 4500
008 220214s9999 xx 000 0 und d
100 _aRamnarayan Ramachandran
_cet al
245 0 _aOverall survival in patients with malignant glioma may be significantly longer with tumors located in deep grey matter
260 _bJournal of the Neurological Sciences
_c2007
300 _a49-56
942 _cRE
999 _c45836
_d45836